Statistics for American Samoa Trivia

Click here to take the quiz!

General Stats

  • This quiz has been taken 98 times
  • The average score is 10 of 18

Answer Stats

HintAnswer% Correct
Oceanian sub-region American Samoa is part of{Poly}nesia
96%
American Samoa voted NOT to unite with this country in 1966Samoa
93%
American Samoa is surrounded on three sides by Cook Islands, Niue and Tokelau.
To which country do they belong?
New Zealand
93%
American Samoa is the ________most territory of the United StatesSouthern
86%
Type of natural disaster that struck American Samoa in 2009Earthquake | Tsunami
85%
Type of service American Samoa is noted for having the highest rate
of enlistment any U.S. state or territory
{Military} service
79%
Type of fish that is the main export of American Samoa
hint: varieties include bluefin and albacore
Tuna
75%
HMS Pandora visited the above in 1791 during its search for the mutineers of this shipHMS {Bounty}
66%
Nickname given to American Samoa, due to its overrepresentation in this sport{Football} Islands
51%
U.S. President who signed a bill which created American Samoa National ParkRonald Reagan
49%
Flight that crashed on approach to American Samoa in 1974, killing 87 people{Pan} {Am} Flight 806
44%
Capital of American SamoaPago Pago
42%
War after which the United States acquires American SamoaSecond Samoan
Civil War
32%
President of the United States when American Samoa was acquiredWilliam McKinley
32%
The people of American Samoa are not U.S. citizens, but are thisU.S. {National}s
31%
Name one of the two largest islands of American SamoaTutuila | Taʻū
15%
Most populous villageTāfuna
13%
What is "Fono" in American Samoa?Territorial legislature
13%

Score Distribution

Percentile by Number Answered

Percent of People with Each Score

Your Score History

You have not taken this quiz